[Event "Tournoi Skype 007"]
[Site "Skype"]
[Date "????.??.??"]
[Round "2.17"]
[White "Ouellet, Emile"]
[Black "Gagnon, Sindy"]
[Result "1-0"]
[WhiteElo "1360"]
[BlackElo "1060"]
[PlyCount "23"]

1. e4 d5 2. exd5 Qxd5 3. Nc3 Qf5 4. Nf3 e6 5. d4 Nc6 6. Bd3 Qf6 7. Bg5 Qxd4 8.
Nxd4 Nxd4 9. Qd2 Bc5 10. Bb5+ Nc6 11. Bxc6+ bxc6 12. Qd8# 1-0

[Event "Tournoi Skype 007"]
[Site "Skype"]
[Date "????.??.??"]
[Round "2.19"]
[White "Baker, Abi"]
[Black "Rondeau, Annie"]
[Result "0-1"]
[WhiteElo "1299"]
[BlackElo "1010"]
[PlyCount "74"]

1. Nf3 e6 2. g3 d5 3. Bg2 Nf6 4. O-O Be7 5. d4 c5 6. e3 O-O 7. Nc3 Nc6 8. b3
cxd4 9. exd4 Bb4 10. Bd2 Ne4 11. Qe2 Nxc3 12. Qe3 Qf6 13. Ng5 h6 14. h4 hxg5
15. hxg5 Qg6 16. f4 Qxc2 17. Be1 Nd1 18. Bxb4 Nxe3 19. Bxf8 Nxf1 20. Kxf1 Kxf8
21. Re1 Nxd4 22. b4 Qxa2 23. g4 Qc4+ 24. Kf2 Qxb4 25. f5 Nxf5 26. gxf5 exf5 27.
Bxd5 Qf4+ 28. Ke2 Qe5+ 29. Kf3 Qxd5+ 30. Kf4 Qd2+ 31. Re3 a5 32. Kf3 a4 33. Re5
a3 34. Kg3 a2 35. Rxf5 Bxf5 36. Kh4 a1=Q 37. Kh5 Qh1# 0-1

[Event "Tournoi Skype 007"]
[Site "Skype"]
[Date "????.??.??"]
[Round "2.20"]
[White "Marty, Yvette"]
[Black "Blaevoet, Rebecca"]
[Result "0-1"]
[WhiteElo "1020"]
[BlackElo "1299"]
[PlyCount "108"]

1. e4 c5 2. e5 Nc6 3. Nf3 b6 4. c4 Bb7 5. d3 d6 6. Be2 dxe5 7. b3 e4 8. dxe4
Qxd1+ 9. Bxd1 e6 10. Bb2 Rd8 11. O-O Nce7 12. Nc3 Nf6 13. e5 Nh5 14. Ng5 Nf4
15. Bf3 Ba6 16. Rfe1 b5 17. cxb5 Nd3 18. Re2 Nf4 19. Re4 Rd4 20. bxa6 Rxe4 21.
Ncxe4 Nd3 22. Ba3 f5 23. Nd6+ Kd7 24. Rd1 Nxe5 25. Bxc5 Nd5 26. Ngf7 Nxf7 27.
b4 Nxd6 28. Bxa7 Nxb4 29. Be2 Nxa2 30. Bb6 Nc3 31. Re1 Be7 32. a7 Ra8 33. Bf3
Nc8 34. Bxa8 Nxb6 35. Bb7 Kc7 36. Ba6 g5 37. Ra1 Ne2+ 38. Kf1 Nd4 39. Rc1+ Nc6
40. Bb5 Kb7 41. Rxc6 Kxa7 42. Rc7+ Kb8 43. Rc6 Bb4 44. Ba6 Ka7 45. Bb5 Kb7 46.
Rxe6 f4 47. Re7+ Kc8 48. Re8+ Kc7 49. Re7+ Kd6 50. Rxh7 g4 51. Rg7 Nd5 52. Rxg4
Kc5 53. Be2 Kd4 54. Rg5 Be7 0-1

[Event "Tournoi Skype 007"]
[Site "Skype"]
[Date "????.??.??"]
[Round "3.1"]
[White "Hervais, Adrien"]
[Black "Plourde, Alain"]
[Result "1-0"]
[WhiteElo "2020"]
[BlackElo "1780"]
[PlyCount "55"]

1. e4 e5 2. Nc3 Nf6 3. f4 d5 4. fxe5 Nxe4 5. d3 Nxc3 6. bxc3 Nc6 7. Nf3 Bg4 8.
Bf4 Be7 9. d4 O-O 10. Be2 a6 11. O-O b5 12. Qe1 b4 13. Qg3 Qd7 14. cxb4 Nxb4
15. c3 Nc6 16. Bd3 a5 17. Ng5 Bf5 18. Bd2 Bxd3 19. Qxd3 Bxg5 20. Bxg5 Qe6 21.
Qg3 Qg6 22. Qh4 Rab8 23. Bc1 Rb7 24. Rf3 Rb1 25. Rxb1 Qxb1 26. Qe1 Qxa2 27. e6
h6 28. exf7+ 1-0

[Event "Tournoi Skype 007"]
[Site "Skype"]
[Date "????.??.??"]
[Round "3.2"]
[White "Legueltel, Daniel"]
[Black "Auger, Bertrand"]
[Result "0-1"]
[WhiteElo "1740"]
[BlackElo "1990"]
[PlyCount "48"]

1. d4 Nf6 2. c4 e6 3. Nf3 b6 4. g3 Bb7 5. Bg2 Bb4+ 6. Bd2 Be7 7. O-O O-O 8. Nc3
Ne4 9. Nxe4 Bxe4 10. Bf4 d5 11. Nd2 Bxg2 12. Kxg2 dxc4 13. Rc1 Nc6 14. Nxc4
Nxd4 15. Ne5 c5 16. Qd3 Qd5+ 17. Kg1 Qxa2 18. e3 Nf5 19. Qb5 a6 20. Qe2 Bf6 21.
g4 Bxe5 22. Bxe5 Nh4 23. Rfd1 Rfd8 24. Qc2 Nf3+ 0-1

[Event "Tournoi Skype 007"]
[Site "Skype"]
[Date "????.??.??"]
[Round "3.3"]
[White "Nicole, Chantal"]
[Black "Catherine, Bertrand"]
[Result "0-1"]
[WhiteElo "1690"]
[BlackElo "1850"]
[PlyCount "58"]

1. c4 e5 2. g3 Nf6 3. Bg2 d5 4. cxd5 Nxd5 5. Nc3 Nb6 6. Nf3 Nc6 7. d3 Be7 8.
O-O O-O 9. b3 Be6 10. Bb2 f6 11. Qc2 Qd7 12. Rfd1 Nd4 13. Qd2 Bb4 14. Rac1 Nd5
15. e3 Nb5 16. Rc2 Nbxc3 17. Bxc3 Bxc3 18. Rxc3 Nxc3 19. Qxc3 c6 20. d4 Bg4 21.
Rc1 Bxf3 22. Bxf3 exd4 23. Qc4+ Kh8 24. Rd1 Qf5 25. Kg2 dxe3 26. fxe3 Rad8 27.
Rxd8 Rxd8 28. Qf7 Rd2+ 29. Kg1 Qb1+ 0-1

[Event "Tournoi Skype 007"]
[Site "Skype"]
[Date "????.??.??"]
[Round "3.4"]
[White "Lambert, Pierre"]
[Black "Jacquelin, Norbert"]
[Result "1-0"]
[WhiteElo "1840"]
[BlackElo "1740"]
[PlyCount "137"]

1. e4 e5 2. Nf3 Nf6 3. d3 Nc6 4. Be2 Be7 5. O-O O-O 6. Nc3 d5 7. Bg5 dxe4 8.
dxe4 h6 9. Bh4 a6 10. h3 Be6 11. a3 Nd7 12. Bg3 Bf6 13. Rb1 Nd4 14. b4 c6 15.
Re1 b5 16. Bf1 Nxf3+ 17. Qxf3 Kh8 18. Rbd1 Qe8 19. Qh5 Kh7 20. Rd6 Rc8 21. Red1
Be7 22. Rxe6 fxe6 23. Qxe8 Rfxe8 24. Rxd7 Bf6 25. Ra7 Ra8 26. Rxa8 Rxa8 27. Bd3
g6 28. Kf1 a5 29. Ke2 Kg7 30. Nd1 axb4 31. axb4 Ra4 32. c3 Ra2+ 33. Ke1 g5 34.
Ne3 h5 35. f3 Kg6 36. Bc2 Ra8 37. Nd1 Ra1 38. Ke2 Ra2 39. Kd3 Ra8 40. Bb3 Kf7
41. Ne3 Rd8+ 42. Ke2 Ke7 43. Nd1 Rb8 44. Nb2 Ra8 45. Nd3 Kd6 46. Nc5 Re8 47.
Bf2 Bg7 48. Be3 Bf6 49. Kd3 Re7 50. c4 Re8 51. cxb5 cxb5 52. Bd1 Rh8 53. Be2 h4
54. Kc3 Rb8 55. Kb3 Ke7 56. Kb2 Rb6 57. Nb3 Rb8 58. Nc1 Kf7 59. Na2 Kg6 60. Nc3
Be7 61. Kb3 Kh6 62. Bc5 Bxc5 63. bxc5 b4 64. Nb5 Kg6 65. Kxb4 Kf6 66. c6 Ke7
67. Kc5 Rd8 68. Kb6 Rd2 69. c7 1-0

[Event "Tournoi Skype 007"]
[Site "Skype"]
[Date "????.??.??"]
[Round "3.5"]
[White "Deville, Olivier"]
[Black "De Leener, Luc"]
[Result "1-0"]
[WhiteElo "1900"]
[BlackElo "1700"]
[PlyCount "77"]

1. c4 e5 2. g3 Nf6 3. Bg2 d5 4. cxd5 Nxd5 5. Nc3 Nb4 6. a3 N4c6 7. Nf3 Bc5 8.
O-O O-O 9. d3 Re8 10. b4 Bb6 11. Bb2 Nd7 12. Rc1 Nf6 13. Nd2 Ng4 14. Nb3 Qf6
15. Ne4 Qh6 16. h3 Nf6 17. Qd2 Qg6 18. Qg5 Nxe4 19. Qxg6 hxg6 20. dxe4 Be6 21.
Nc5 Bxc5 22. Rxc5 f6 23. b5 Nd4 24. Bxd4 exd4 25. Rxc7 b6 26. e5 Rad8 27. exf6
gxf6 28. Rxa7 Bc4 29. Rc1 Bxe2 30. Rcc7 d3 31. Rd7 Rxd7 32. Rxd7 Re5 33. a4 Rc5
34. Be4 Rc1+ 35. Kg2 f5 36. Bxd3 Rd1 37. Bc4+ Kf8 38. Rf7+ Ke8 39. Bxe2 1-0

[Event "Tournoi Skype 007"]
[Site "Skype"]
[Date "????.??.??"]
[Round "3.6"]
[White "Antonic, Nenad"]
[Black "Megelas, Florent"]
[Result "1/2-1/2"]
[WhiteElo "1530"]
[BlackElo "1610"]
[PlyCount "83"]

1. d4 d5 2. e3 Nf6 3. Bd3 e6 4. Nf3 Bd6 5. Nbd2 Nbd7 6. O-O b6 7. e4 Nxe4 8.
Nxe4 dxe4 9. Bxe4 Rb8 10. Bc6 O-O 11. Be4 Nf6 12. Bg5 Be7 13. Bd3 Bb7 14. Re1
h6 15. Bxf6 Bxf6 16. c3 Re8 17. Re3 Bg5 18. Nxg5 Qxg5 19. Rg3 Qf6 20. Qc2 e5
21. Bh7+ Kf8 22. Be4 exd4 23. Bxb7 Rxb7 24. Qh7 Qe6 25. Qxg7+ Ke7 26. Qxd4 c5
27. Qh4+ Kf8 28. Re3 Qd6 29. Rxe8+ Kxe8 30. Qg4 Re7 31. Qc8+ Qd8 32. Qc6+ Rd7
33. Re1+ Kf8 34. Qxh6+ Kg8 35. Qe3 Rd1 36. Qe2 Rd2 37. Qg4+ Kf8 38. Qe4 Rd1 39.
Qe5 f6 40. Qe2 Rd2 41. Qh5 Kg7 42. Qg4+ 1/2-1/2

[Event "Tournoi Skype 007"]
[Site "Skype"]
[Date "????.??.??"]
[Round "3.7"]
[White "Capdeville, Jean"]
[Black "Duthoit, Bernard"]
[Result "0-1"]
[WhiteElo "1440"]
[BlackElo "1630"]
[PlyCount "104"]

1. e4 e6 2. c4 c5 3. d3 b6 4. Nf3 Bb7 5. Nc3 Nc6 6. Bg5 Be7 7. Bxe7 Ngxe7 8.
Be2 Ng6 9. g3 O-O 10. O-O Re8 11. d4 cxd4 12. Nxd4 Rc8 13. Nxc6 Rxc6 14. Bd3
Ne5 15. Qe2 Qf6 16. f4 Nxd3 17. Qxd3 Qe7 18. e5 Qc5+ 19. Rf2 Rd8 20. Rd1 Qxc4
21. Qxc4 Rxc4 22. Rd6 Bc6 23. Rfd2 a6 24. a3 b5 25. R6d4 Rxd4 26. Rxd4 a5 27.
b4 axb4 28. axb4 Ra8 29. Kf2 Ra3 30. Rd3 Rb3 31. Ke3 Rxb4 32. h4 Rb3 33. Kd4
Ra3 34. Nb1 Rxd3+ 35. Kxd3 Kf8 36. Kd4 g6 37. Kc5 Kg7 38. g4 f6 39. exf6+ Kxf6
40. Kd6 h5 41. gxh5 gxh5 42. Nd2 Kf5 43. Kc5 Kxf4 44. Kd4 Kg4 45. Ke3 Kxh4 46.
Kf2 Kg4 47. Kg1 h4 48. Kh2 h3 49. Nb3 e5 50. Nd2 e4 51. Nf1 b4 52. Nd2 e3 0-1

[Event "Tournoi Skype 007"]
[Site "Skype"]
[Date "????.??.??"]
[Round "3.8"]
[White "Bourdeau, Yvan"]
[Black "L'Herbon De Lussats, Jean"]
[Result "1-0"]
[WhiteElo "1620"]
[BlackElo "1440"]
[PlyCount "61"]

1. e4 c5 2. Nf3 Nc6 3. d4 cxd4 4. Nxd4 e5 5. Nf3 Nf6 6. Nbd2 d5 7. Bd3 a6 8.
O-O d4 9. Nc4 Bd6 10. Bg5 Be6 11. Nxd6+ Qxd6 12. a3 Nd7 13. Nd2 f6 14. Bh4 O-O
15. Nc4 Qc7 16. Bg3 b5 17. Nd2 Nc5 18. f4 f5 19. fxe5 Nxe5 20. exf5 Bd7 21. Nf3
Nxf3+ 22. Rxf3 Qb7 23. Bd6 Rfc8 24. f6 Qd5 25. f7+ Kh8 26. f8=Q+ Rxf8 27. Bxf8
Bc6 28. Bxc5 Qxc5 29. Rf4 g5 30. Qh5 Be8 31. Qxh7# 1-0

[Event "Tournoi Skype 007"]
[Site "Skype"]
[Date "????.??.??"]
[Round "3.9"]
[White "Peignien, Laurent"]
[Black "Gerbaux, Regis"]
[Result "1-0"]
[WhiteElo "1590"]
[BlackElo "1370"]
[PlyCount "55"]

1. e4 e5 2. Nf3 Nc6 3. d4 exd4 4. Nxd4 Bc5 5. Nxc6 Qf6 6. Qd2 Qxc6 7. Bd3 Ne7
8. Nc3 a6 9. O-O O-O 10. Kh1 d6 11. Qg5 Ng6 12. Bd2 Be6 13. f4 f6 14. Qh5 Bf7
15. Qf3 d5 16. Nxd5 Bxd5 17. exd5 Qd7 18. c4 Nh4 19. Qh5 Ng6 20. Bxg6 hxg6 21.
Qxg6 f5 22. Bc3 Qf7 23. Qxf7+ Rxf7 24. Rae1 Rd8 25. Re6 Be7 26. Rfe1 Rd6 27.
Rxe7 Rxe7 28. Rxe7 1-0

[Event "Tournoi Skype 007"]
[Site "Skype"]
[Date "????.??.??"]
[Round "3.11"]
[White "Le Brun, Yves"]
[Black "Ouellet, Emile"]
[Result "1-0"]
[WhiteElo "1560"]
[BlackElo "1360"]
[PlyCount "83"]

1. Nf3 Nf6 2. c4 c5 3. d4 e6 4. Nc3 b6 5. e4 d6 6. Bd3 Nbd7 7. O-O Bb7 8. Re1
Be7 9. Bf4 cxd4 10. Nb5 e5 11. Bd2 a6 12. Na3 O-O 13. b4 Rc8 14. Qe2 Bc6 15.
Nh4 g6 16. Nf3 Re8 17. h3 Qc7 18. Rac1 Ba4 19. g4 h6 20. Bxh6 Bf8 21. Qd2 Kh7
22. Bxf8 Nxf8 23. Kg2 Qb7 24. Ng5+ Kg7 25. f4 exf4 26. Qxf4 Ne6 27. Nxe6+ Rxe6
28. g5 Nh5 29. Qf2 Rf6 30. gxf6+ Nxf6 31. Qxd4 Re8 32. Kf3 Re6 33. Re3 Bc6 34.
b5 axb5 35. cxb5 Bxe4+ 36. Bxe4 Qe7 37. Rce1 Kh6 38. Bc6 Rxe3+ 39. Rxe3 Qc7 40.
Nc4 d5 41. Ne5 Ne4 42. Qxd5 1-0

[Event "Tournoi Skype 007"]
[Site "Skype"]
[Date "????.??.??"]
[Round "3.12"]
[White "Blaevoet, Rebecca"]
[Black "De Coninck, Philippe"]
[Result "0-1"]
[WhiteElo "1299"]
[BlackElo "1540"]
[PlyCount "126"]

1. c4 e5 2. b3 Nf6 3. Bb2 Nc6 4. d3 Bb4+ 5. Bc3 Bxc3+ 6. Nxc3 a6 7. e4 d5 8.
Nf3 O-O 9. Nxd5 Nxd5 10. cxd5 Nd4 11. Nxd4 exd4 12. Rc1 Bd7 13. Qd2 b6 14. Qf4
Rc8 15. a4 c5 16. Be2 Qc7 17. g3 Qxf4 18. gxf4 Rc7 19. Kd2 f5 20. h3 fxe4 21.
dxe4 Rxf4 22. d6 Ra7 23. Bc4+ Kh8 24. Rh2 Rxe4 25. Kd3 Bf5 26. f3 Re1+ 27. Kd2
Rxc1 28. Kxc1 Bc8 29. Re2 Bd7 30. Be6 h6 31. h4 Bxe6 32. Rxe6 Rd7 33. Kb2 Kg8
34. b4 Kf7 35. Re7+ Rxe7 36. dxe7 Kxe7 37. bxc5 bxc5 38. a5 Kd6 39. f4 Kd5 40.
Kb3 d3 41. Kc3 c4 42. f5 Ke5 43. Kxc4 d2 44. Kc5 d1=Q 45. Kb6 Qd6+ 46. Ka7 Kd5
47. h5 Kc6 48. Kxa6 Kc5+ 49. Kb7 Kb5 50. a6 Qxa6+ 51. Kc7 Kc5 52. Kd7 Qf6 53.
Ke8 Qxf5 54. Ke7 Kd5 55. Kd8 Kd6 56. Ke8 Qe6+ 57. Kf8 Qe7+ 58. Kg8 Ke6 59. Kh7
Qg5 60. Kg8 Ke7 61. Kh7 Kf7 62. Kh8 Qd8+ 63. Kh7 Qg8# 0-1

[Event "Tournoi Skype 007"]
[Site "Skype"]
[Date "????.??.??"]
[Round "3.14"]
[White "Saidi, Bhen"]
[Black "Armingaud, Jean-Claude"]
[Result "0-1"]
[WhiteElo "1470"]
[BlackElo "1180"]
[PlyCount "80"]

1. e4 c5 2. c4 d5 3. cxd5 b6 4. d4 Nf6 5. Nc3 Bg4 6. f3 Bh5 7. dxc5 bxc5 8.
Bb5+ Nbd7 9. Be3 c4 10. Bxc4 Ne5 11. Bb5+ Ned7 12. Nge2 g6 13. Nf4 Bg7 14. Bd4
O-O 15. Nxh5 gxh5 16. O-O a6 17. Bc6 Rb8 18. Qc2 Rb4 19. Rad1 a5 20. a3 Rb8 21.
e5 Ne8 22. Nb5 Bxe5 23. Bxe5 Nxe5 24. Qf5 Nd6 25. Qxe5 f6 26. Qg3+ Kh8 27. Nd4
Rxb2 28. Ne6 Qb6+ 29. Kh1 Rg8 30. Qh4 Nc4 31. g4 Ne3 32. Qg3 Nxd1 33. Rxd1 Qb3
34. Nd4 Qxd1+ 35. Qg1 Qxg1+ 36. Kxg1 h4 37. Nf5 h3 38. Nxe7 Rgb8 39. d6 Rd2 40.
Nd5 Rb1# 0-1

[Event "Tournoi Skype 007"]
[Site "Skype"]
[Date "????.??.??"]
[Round "3.15"]
[White "Rondeau, Annie"]
[Black "Gharbi, Said"]
[Result "0-1"]
[WhiteElo "1010"]
[BlackElo "1390"]
[PlyCount "40"]

1. e4 e5 2. Nf3 Nc6 3. c3 Bc5 4. d3 d5 5. Be3 d4 6. Bg5 Nge7 7. cxd4 Bxd4 8.
Nxd4 Nxd4 9. Bxe7 Qxe7 10. Be2 Qb4+ 11. Qd2 Qxd2+ 12. Kxd2 O-O 13. h3 b5 14. a4
Nb3+ 15. Ke3 Nxa1 16. Nd2 Nc2+ 17. Kf3 bxa4 18. Rc1 Nd4+ 19. Ke3 c6 20. Nc4 Re8
0-1

[Event "Tournoi Skype 007"]
[Site "Skype"]
[Date "????.??.??"]
[Round "3.16"]
[White "Vervoort, Jean-Louis"]
[Black "Talbot, Jacques"]
[Result "0-1"]
[WhiteElo "1140"]
[BlackElo "1470"]
[PlyCount "70"]

1. d4 d5 2. c4 e6 3. Nf3 Nf6 4. Nc3 c6 5. Bg5 Be7 6. e3 O-O 7. Be2 Nbd7 8. Rc1
h6 9. Bxf6 Nxf6 10. O-O Bd7 11. Qc2 Bb4 12. Qb3 Bxc3 13. Rxc3 Ne4 14. Rc2 b6
15. Rfc1 Rc8 16. Ne5 Qe7 17. Bd3 Nf6 18. Rc3 Rfd8 19. Qc2 c5 20. Nxd7 Nxd7 21.
Re1 cxd4 22. exd4 Nf6 23. Qd2 dxc4 24. Bxc4 Qd7 25. b3 b5 26. Be2 Ne4 27. Qd3
Nxc3 28. Bd1 Nxd1 29. Rxd1 Qxd4 30. Qxd4 Rxd4 31. Rf1 Rcd8 32. g3 Rd1 33. Rxd1
Rxd1+ 34. Kg2 Rd2 35. h4 Rxa2 0-1

[Event "Tournoi Skype 007"]
[Site "Skype"]
[Date "????.??.??"]
[Round "3.17"]
[White "Vincent, Andre"]
[Black "Tamditi, Ibrahim"]
[Result "1/2-1/2"]
[WhiteElo "1440"]
[BlackElo "1080"]
[PlyCount "101"]

1. d4 d6 2. c4 Nf6 3. Nc3 e5 4. e4 exd4 5. Qxd4 Nc6 6. Qd1 Be7 7. Nf3 O-O 8.
Be2 Be6 9. O-O Nd7 10. a3 f5 11. Qd2 Bf6 12. Nd5 fxe4 13. Nxf6+ Qxf6 14. Ng5
Nce5 15. Nxe6 Qxe6 16. Qd5 Nc5 17. Qxe6+ Nxe6 18. Be3 c6 19. Rad1 Ng4 20. Bxg4
Rae8 21. Rxd6 Rf6 22. g3 c5 23. Rfd1 Rg6 24. Bxe6+ Rgxe6 25. Bxc5 b6 26. Rxe6
Rxe6 27. Rd8+ Kf7 28. Bd6 e3 29. fxe3 Rxe3 30. Rd7+ Ke6 31. Kf2 Rd3 32. Rxg7
Kxd6 33. Ke2 Rb3 34. Rxh7 Rxb2+ 35. Kf3 Rb3+ 36. Kg2 Rxa3 37. Rh4 a5 38. g4 Ke7
39. g5 Kf7 40. Rh6 Rd3 41. Rxb6 Rd4 42. Rf6+ Kg7 43. h3 Rxc4 44. Kg3 a4 45. h4
a3 46. Ra6 Rc3+ 47. Kg4 Kf7 48. h5 Rc4+ 49. Kf5 Rc5+ 50. Kg4 Rc3 51. h6 1/2-1/2

[Event "Tournoi Skype 007"]
[Site "Skype"]
[Date "????.??.??"]
[Round "3.19"]
[White "Gagnon, Sindy"]
[Black "Porcabeuf, Jean-Marc"]
[Result "1-0"]
[WhiteElo "1060"]
[BlackElo "1270"]
[PlyCount "47"]

1. e4 e5 2. Nf3 Nc6 3. Bb5 a6 4. Ba4 b5 5. Bb3 Nf6 6. d3 Bb7 7. Bg5 Be7 8. O-O
O-O 9. Nbd2 Na5 10. c4 c5 11. cxb5 axb5 12. Nxe5 Bd6 13. Nef3 Nxb3 14. axb3
Rxa1 15. Qxa1 h6 16. Re1 hxg5 17. Nxg5 Ng4 18. e5 Bxe5 19. b4 Qxg5 20. Nf3 Nxh2
21. Nxg5 Bf4 22. bxc5 Ra8 23. Qd1 Ra2 24. Re8# 1-0

[Event "Tournoi Skype 007"]
[Site "Skype"]
[Date "????.??.??"]
[Round "3.20"]
[White "Marty, Yvette"]
[Black "Coude, Josue"]
[Result "0-1"]
[WhiteElo "1020"]
[BlackElo "1250"]
[PlyCount "98"]

1. e4 e5 2. Nf3 Nc6 3. Bb5 a6 4. Bxc6 dxc6 5. Nxe5 Nf6 6. Nc3 Bb4 7. Ne2 Nxe4
8. O-O O-O 9. c3 Bc5 10. d3 Nxf2 11. Qe1 Nxd3+ 12. Nd4 Nxe1 13. Rxe1 Re8 14.
Nd3 Qh4 15. Bd2 Bd7 16. Nxc5 Bg4 17. Nd3 c5 18. Nxc5 b6 19. Nd3 c5 20. Nc6 Re2
21. Bf4 Rd8 22. Nxd8 Qxd8 23. Rad1 c4 24. Nf2 Qh4 25. Bg3 Qg5 26. Rd8+ Qxd8 27.
Nxg4 Rxe1+ 28. Bxe1 Qd1 29. h3 Qxe1+ 30. Kh2 Qe4 31. Nf2 Qf4+ 32. Kg1 f5 33. g4
Qg3+ 34. Kf1 fxg4 35. hxg4 a5 36. a4 h5 37. gxh5 Qh2 38. Ke2 Kh7 39. b4 Qxh5+
40. Kd2 Qf3 41. Ke1 Qxf2+ 42. Kxf2 g5 43. Kg3 Kh6 44. Kg4 axb4 45. cxb4 c3 46.
b5 c2 47. a5 bxa5 48. b6 c1=Q 49. b7 Qb1 0-1

[Event "Tournoi Skype 007"]
[Site "Skype"]
[Date "????.??.??"]
[Round "4.1"]
[White "Catherine, Bertrand"]
[Black "Hervais, Adrien"]
[Result "1-0"]
[WhiteElo "1850"]
[BlackElo "2020"]
[PlyCount "55"]

1. e4 d5 2. exd5 Qxd5 3. Nc3 Qa5 4. Bc4 Nf6 5. d3 Bg4 6. f3 Bf5 7. Bd2 c6 8.
Qe2 e6 9. g4 Bg6 10. h4 h6 11. Nh3 Qc7 12. O-O-O Bd6 13. f4 O-O 14. h5 Bh7 15.
g5 Nd5 16. gxh6 Nxf4 17. Qg4 Nxh5 18. Qxh5 g6 19. Qg5 Nd7 20. Ne4 Be5 21. Bf4
b5 22. Bxe5 Qxe5 23. Qxe5 Nxe5 24. Nf6+ Kh8 25. Bb3 a5 26. a3 a4 27. Ba2 b4 28.
Ng5 1-0

[Event "Tournoi Skype 007"]
[Site "Skype"]
[Date "????.??.??"]
[Round "4.2"]
[White "Auger, Bertrand"]
[Black "Lambert, Pierre"]
[Result "1-0"]
[WhiteElo "1990"]
[BlackElo "1840"]
[PlyCount "79"]

1. c4 Nf6 2. Nf3 g6 3. b4 Bg7 4. Bb2 a5 5. b5 O-O 6. g3 d6 7. Bg2 Nbd7 8. d4
Rb8 9. O-O c6 10. Na3 Re8 11. Qc2 Nf8 12. e4 Qb6 13. c5 Qd8 14. b6 d5 15. Nd2
Ne6 16. e5 Ng4 17. Rae1 Ng5 18. f4 Bf5 19. Qc3 Ne4 20. Nxe4 Bxe4 21. Nc2 Bxg2
22. Kxg2 Ra8 23. a4 Qd7 24. h3 Nh6 25. g4 e6 26. Bc1 Qe7 27. f5 exf5 28. g5 f4
29. gxh6 Qg5+ 30. Kh2 Bxh6 31. Bxf4 Qh4 32. Qg3 Qxg3+ 33. Kxg3 Bxf4+ 34. Rxf4
Re7 35. Ref1 Rae8 36. Ne3 f5 37. h4 Rg7 38. h5 Kf7 39. h6 Rgg8 40. Ng4 1-0

[Event "Tournoi Skype 007"]
[Site "Skype"]
[Date "????.??.??"]
[Round "4.3"]
[White "Plourde, Alain"]
[Black "Deville, Olivier"]
[Result "0-1"]
[WhiteElo "1780"]
[BlackElo "1900"]
[PlyCount "110"]

1. d4 Nf6 2. c4 e6 3. Nc3 Bb4 4. a3 Bxc3+ 5. bxc3 c5 6. e3 O-O 7. Nf3 b6 8. Bd3
Bb7 9. O-O Ne4 10. Qc2 f5 11. Nd2 d5 12. cxd5 exd5 13. f3 Nxd2 14. Bxd2 Qf6 15.
Rab1 Rf7 16. e4 c4 17. Be2 f4 18. e5 Qh4 19. Rbe1 Nc6 20. Bd1 Re8 21. Bc1 Bc8
22. Qf2 Qh5 23. Bc2 Re6 24. a4 g5 25. h3 Rh6 26. Ba3 Rg7 27. g4 fxg3 28. Qxg3
Bxh3 29. Rf2 Bf5 30. Qg2 Bxc2 31. Rxc2 Re6 32. Qg4 Qg6 33. Rg2 h5 34. Qh3 Ne7
35. Bxe7 Rexe7 36. f4 g4 37. Qg3 Qf5 38. Rh2 Rh7 39. Qh4 Qxf4 40. Rf1 Qe3+ 41.
Qf2 Qxf2+ 42. Rhxf2 Rhf7 43. Kg2 Kg7 44. Kg3 Rxf2 45. Rxf2 Rf7 46. Rxf7+ Kxf7
47. Kh4 Ke6 48. Kg3 a6 49. Kh4 b5 50. a5 b4 51. cxb4 c3 52. b5 c2 53. bxa6 c1=Q
54. a7 Qe1+ 55. Kxh5 Qxa5 0-1

[Event "Tournoi Skype 007"]
[Site "Skype"]
[Date "????.??.??"]
[Round "4.4"]
[White "Jacquelin, Norbert"]
[Black "Peignien, Laurent"]
[Result "0-1"]
[WhiteElo "1740"]
[BlackElo "1590"]
[PlyCount "90"]

1. e4 e6 2. d4 d5 3. Nc3 Bb4 4. e5 c5 5. a3 Bxc3+ 6. bxc3 Ne7 7. Qg4 O-O 8. Nf3
Nbc6 9. Bd3 Qc7 10. Bxh7+ Kxh7 11. Ng5+ Kg8 12. Qh5 Rd8 13. Qh7+ Kf8 14. Qh8+
Ng8 15. Nh7+ Ke7 16. Qxg7 cxd4 17. Bg5+ Kd7 18. Qxf7+ Nce7 19. O-O Kc6 20. cxd4
Qd7 21. c4 dxc4 22. Rac1 b5 23. a4 a6 24. Ra1 Ra7 25. axb5+ axb5 26. Rxa7 Qxa7
27. Be3 Qd7 28. Ra1 Nd5 29. Qh5 Nxe3 30. fxe3 Ne7 31. Nf6 Qb7 32. Qf3+ Kb6 33.
Qxb7+ Bxb7 34. g4 Ng6 35. Kf2 Rh8 36. Kg3 b4 37. Nd7+ Kb5 38. Nc5 Bc8 39. Ra8
c3 40. Ne4 c2 41. Nd6+ Kc6 42. Ra1 b3 43. Rc1 Kd5 44. Nb5 Ke4 45. Rg1 b2 0-1

[Event "Tournoi Skype 007"]
[Site "Skype"]
[Date "????.??.??"]
[Round "4.8"]
[White "Armingaud, Jean-Claude"]
[Black "Bourdeau, Yvan"]
[Result "0-1"]
[WhiteElo "1180"]
[BlackElo "1620"]
[PlyCount "64"]

1. e4 c6 2. d4 d5 3. Nc3 dxe4 4. Nxe4 Bf5 5. Bd3 Nd7 6. Nf3 Ngf6 7. Nxf6+ Nxf6
8. Bxf5 Qa5+ 9. Bd2 Qxf5 10. O-O e6 11. a3 c5 12. b3 Bd6 13. Bc3 Rd8 14. h3 O-O
15. Qe2 Nd5 16. Bd2 Rfe8 17. b4 cxb4 18. axb4 Nxb4 19. Bxb4 Bxb4 20. Rxa7 b6
21. Rb7 Ba5 22. Rb1 Qd5 23. c4 Qxb7 24. Ne5 Qc7 25. f4 Rxd4 26. Qe3 Red8 27.
Kf2 f6 28. Nf3 R4d6 29. h4 Qxc4 30. Rb2 b5 31. Qa3 Bb6+ 32. Ke1 Rd1# 0-1

[Event "Tournoi Skype 007"]
[Site "Skype"]
[Date "????.??.??"]
[Round "4.9"]
[White "Megelas, Florent"]
[Black "Coruble, Didier"]
[Result "0-1"]
[WhiteElo "1610"]
[BlackElo "1350"]
[PlyCount "80"]

1. e4 e5 2. Nf3 Nc6 3. Bb5 Qf6 4. Nc3 a6 5. Nd5 Qd8 6. Bxc6 bxc6 7. Nc3 d6 8.
d4 Bd7 9. dxe5 Bg4 10. Qd3 Bxf3 11. Qxf3 dxe5 12. O-O Qf6 13. Qg3 Bd6 14. Be3
g6 15. Rad1 Rb8 16. b3 h5 17. f4 h4 18. fxe5 Qxf1+ 19. Kxf1 hxg3 20. hxg3 Rh1+
21. Ke2 Rxd1 22. Kxd1 Bxe5 23. Ne2 Rd8+ 24. Kc1 c5 25. Bxc5 Nf6 26. Nf4 Nxe4
27. Bb4 c5 28. Be1 g5 29. Nd3 Bd4 30. g4 Ke7 31. b4 Bc3 32. Bxc3 Nxc3 33. Nxc5
Nxa2+ 34. Kb2 Nxb4 35. Ne4 f6 36. Kb3 Rb8 37. c4 Nd5+ 38. Ka3 Ne3 39. c5 Nc4+
40. Ka4 a5 0-1

[Event "Tournoi Skype 007"]
[Site "Skype"]
[Date "????.??.??"]
[Round "4.10"]
[White "Gharbi, Said"]
[Black "Antonic, Nenad"]
[Result "1-0"]
[WhiteElo "1390"]
[BlackElo "1530"]
[PlyCount "117"]

1. e4 e6 2. d4 d5 3. exd5 exd5 4. Nf3 Bd6 5. Bd3 Nf6 6. O-O O-O 7. Re1 Bg4 8.
h3 Bxf3 9. Qxf3 Re8 10. Rxe8+ Qxe8 11. Bd2 Nc6 12. c3 Ne4 13. Be3 Qe7 14. Nd2
Re8 15. Re1 Nb8 16. Bf4 Qd7 17. Bxd6 Qxd6 18. Nxe4 dxe4 19. Rxe4 Re7 20. Qf5 g6
21. Qc8+ Kg7 22. Qxb8 Rxe4 23. Bxe4 Qf4 24. Qxb7 Qc1+ 25. Kh2 Qf4+ 26. g3 Qxf2+
27. Bg2 h5 28. h4 g5 29. Qxc7 gxh4 30. gxh4 Qxh4+ 31. Kg1 Qe1+ 32. Bf1 Qe3+ 33.
Kg2 h4 34. Qe5+ Qxe5 35. dxe5 Kf8 36. c4 Ke7 37. c5 f6 38. exf6+ Kxf6 39. a4
Ke7 40. Kh3 Kd7 41. b4 Kc7 42. Kxh4 Kb7 43. Kg5 Kc7 44. a5 Kc6 45. Kf6 Kd7 46.
Ke5 Kc6 47. Ke6 Kc7 48. Bb5 Kb7 49. Kd6 Kb8 50. Kd7 a6 51. Ba4 Ka7 52. c6 Kb8
53. c7+ Ka7 54. b5 axb5 55. Bxb5 Kb7 56. c8=Q+ Ka7 57. Qc5+ Kb8 58. Qb6+ Ka8
59. Bc6# 1-0

[Event "Tournoi Skype 007"]
[Site "Skype"]
[Date "????.??.??"]
[Round "4.11"]
[White "De Leener, Luc"]
[Black "Saidi, Bhen"]
[Result "1-0"]
[WhiteElo "1700"]
[BlackElo "1470"]
[PlyCount "37"]

1. e4 e5 2. Nf3 Nc6 3. Bc4 Nf6 4. Ng5 d5 5. exd5 Nxd5 6. d4 Be6 7. Nxe6 fxe6 8.
dxe5 Nxe5 9. Qh5+ Nf7 10. O-O g6 11. Qg4 Qd6 12. Re1 e5 13. Nc3 Nxc3 14. bxc3
Bg7 15. Rd1 Qf6 16. Qd7+ Kf8 17. Ba3+ Kg8 18. Be7 Bf8 19. Bxf6 1-0

[Event "Tournoi Skype 007"]
[Site "Skype"]
[Date "????.??.??"]
[Round "4.12"]
[White "Fouquereau, Andre"]
[Black "Charland, Christian"]
[Result "1-0"]
[WhiteElo "1580"]
[BlackElo "1260"]
[PlyCount "55"]

1. e4 d5 2. exd5 Nf6 3. c4 e6 4. dxe6 Bxe6 5. Nf3 Bc5 6. d4 Bb4+ 7. Nc3 Bg4 8.
Qa4+ Nc6 9. Ne5 Bxc3+ 10. bxc3 O-O 11. Nxg4 Nxg4 12. Be2 Re8 13. Qc2 Nxd4 14.
cxd4 Qxd4 15. O-O Qxa1 16. Bb2 Qxa2 17. Qc3 f6 18. Bxg4 b5 19. cxb5 Qd5 20. Bf3
Qd8 21. Rd1 Qe7 22. Bxa8 Rxa8 23. h3 Rd8 24. Qc4+ Kh8 25. Rxd8+ Qxd8 26. Bd4 h5
27. Bxa7 Qd4 28. Qxd4 1-0